000
00325nam a22001457a 4500
003
OSt
005
20160727222524.0
008
160709b xxu||||| |||| 00| 0 eng d
040
_c
TEST
100
_9
2518
_a
Joan, S
245
_a
Bernard Shaw
260
_a
Eng
_b
Penguin
_c
1957
300
_a
Bernard Shaw
942
_2
ddc
_c
BK
999
_c
2185
_d
2185